<?xml version="1.0" encoding="UTF-8"?><?xml-stylesheet type="text/xsl" href="static/style.xsl"?><OAI-PMH xmlns="http://www.openarchives.org/OAI/2.0/" xmlns:xsi="http://www.w3.org/2001/XMLSchema-instance" xsi:schemaLocation="http://www.openarchives.org/OAI/2.0/ http://www.openarchives.org/OAI/2.0/OAI-PMH.xsd"><responseDate>2026-04-27T12:29:24Z</responseDate><request verb="GetRecord" identifier="oai:uvadoc.uva.es:10324/73280" metadataPrefix="marc">https://uvadoc.uva.es/oai/request</request><GetRecord><record><header><identifier>oai:uvadoc.uva.es:10324/73280</identifier><datestamp>2025-01-09T20:05:11Z</datestamp><setSpec>com_10324_1137</setSpec><setSpec>com_10324_931</setSpec><setSpec>com_10324_894</setSpec><setSpec>col_10324_1222</setSpec></header><metadata><record xmlns="http://www.loc.gov/MARC21/slim" xmlns:doc="http://www.lyncode.com/xoai" xmlns:xsi="http://www.w3.org/2001/XMLSchema-instance" xmlns:dcterms="http://purl.org/dc/terms/" xsi:schemaLocation="http://www.loc.gov/MARC21/slim http://www.loc.gov/standards/marcxml/schema/MARC21slim.xsd">
<leader>00925njm 22002777a 4500</leader>
<datafield tag="042" ind1=" " ind2=" ">
<subfield code="a">dc</subfield>
</datafield>
<datafield tag="720" ind1=" " ind2=" ">
<subfield code="a">Martín Sanz, Ruth Cristina</subfield>
<subfield code="e">author</subfield>
</datafield>
<datafield tag="720" ind1=" " ind2=" ">
<subfield code="a">Pando Fernández, Valentín</subfield>
<subfield code="e">author</subfield>
</datafield>
<datafield tag="720" ind1=" " ind2=" ">
<subfield code="a">Bueis Mellado, Teresa De Los</subfield>
<subfield code="e">author</subfield>
</datafield>
<datafield tag="720" ind1=" " ind2=" ">
<subfield code="a">Turrión Nieves, María Belén</subfield>
<subfield code="e">author</subfield>
</datafield>
<datafield tag="260" ind1=" " ind2=" ">
<subfield code="c">2021</subfield>
</datafield>
<datafield tag="520" ind1=" " ind2=" ">
<subfield code="a">Although soil phosphorus is essential for vegetation growth it is not always found in labile forms, hampering its absorption by plants, and is limited in forest ecosystems. This study explores soil P state and availability in calcareous soils, determining which processes affect its different pools and which soil parameters influence forest productivity of a Mediterranean pine species. We used a sequential fractionation method to determine P fractions in the soil according to their lability and their organic or inorganic nature. Those fractions were related to different soil and climatic parameters and to the site index in 32 Pinus halepensis plots of the National Spanish Forest Inventory. Soil texture, carbonates content, water retention capacity and organic matter substantially affected P fractions in the calcareous soils studied. Membrane extractable P was mainly influenced by organic matter-related parameters while the predominant P fraction in these soils, the primary P, was linked to the carbonates content. The biological mineralization processes played a key role in the soil P cycle. Total P, carbonates content, soil texture and water availability drove forest productivity in the studied plots.</subfield>
</datafield>
<datafield tag="024" ind2=" " ind1="8">
<subfield code="a">Forests, October 2021, 12, 10, 1398</subfield>
</datafield>
<datafield tag="024" ind2=" " ind1="8">
<subfield code="a">19994907</subfield>
</datafield>
<datafield tag="024" ind2=" " ind1="8">
<subfield code="a">https://uvadoc.uva.es/handle/10324/73280</subfield>
</datafield>
<datafield tag="024" ind2=" " ind1="8">
<subfield code="a">10.3390/f12101398</subfield>
</datafield>
<datafield tag="024" ind2=" " ind1="8">
<subfield code="a">1398</subfield>
</datafield>
<datafield tag="024" ind2=" " ind1="8">
<subfield code="a">10</subfield>
</datafield>
<datafield tag="024" ind2=" " ind1="8">
<subfield code="a">Forests</subfield>
</datafield>
<datafield tag="024" ind2=" " ind1="8">
<subfield code="a">12</subfield>
</datafield>
<datafield tag="024" ind2=" " ind1="8">
<subfield code="a">1999-4907</subfield>
</datafield>
<datafield tag="245" ind1="0" ind2="0">
<subfield code="a">Influence of Soil Properties on P Pools and Its Effect on Forest Productivity in Mediterranean Calcareous Soils</subfield>
</datafield>
</record></metadata></record></GetRecord></OAI-PMH>